[Event "Moscow Beliaev Memorial 7th"]
[Site "Moscow"]
[Date "2006.12.19"]
[Round "4"]
[White "Trifonov, Anton"]
[Black "Mirionov, Vyacheslav"]
[Result "1-0"]
[WhiteElo "2107"]
[BlackElo "2025"]
[PlyCount "83"]
[EventDate "2006.12.16"]
[EventType "swiss"]
[EventRounds "9"]
[EventCountry "RUS"]
[SourceTitle "EXT 2008"]
[Source "ChessBase"]
[SourceDate "2007.11.25"]
[SourceVersion "1"]
[SourceVersionDate "2007.11.25"]
[SourceQuality "1"]

1. e4 c5 2. Nf3 Nc6 3. d4 cxd4 4. Nxd4 e5 5. Nb5 a6 6. N5c3 Bb4 7. a3 Be7 8. Bc4 b5 9. Ba2 Nf6 10. 0-0 0-0 11. Be3 d6 12. Qd3 Be6 13. Rd1 Qc7 14. f3 Rfd8 15. Nd5 Bxd5 16. exd5 Na5 17. Nd2 Rac8 18. b3 Nb7 19. c4 Nc5 20. Qe2 Qb7 21. Rac1 b4 22. Nf1 a5 23. a4 Re8 24. g4 Bf8 25. Bxc5 Rxc5 26. Ng3 g6 27. Bb1 Bh6 28. Rc2 Bf4 29. Ra2 Kg7 30. Qg2 Rh8 31. g5 Nd7 32. Ne4 Qb6 33. Kf1 Rcc8 34. Qh3 Rcd8 35. Qh6+ Kg8 36. c5 Qa7 37. c6 f5 38. Nxd6 Nb6 39. Bxf5 gxf5 40. Qe6+ Kg7 41. Nxf5+ Kf8 42. Qf6+ 1-0